Dos especies nuevas de Calathea (<Marantaceae>) de la Amazonia Colombiana (Registro nro. 14929)

Detalles MARC
000 -CABECERA
Campo de control 003470000a22001210004500
090 ## - CLASIFICACIÓN LOCAL
Colección AS
Consecutivo Seriadas
041 0# - IDIOMA
Código de idioma para texto/pista de sonido o título separado
100 1# - ASIENTO PRINCIPAL--NOMBRE PERSONAL
Nombre personal Suárez, Stella
245 10 - MENCION DE TITULO
Título Dos especies nuevas de Calathea (<Marantaceae>) de la Amazonia Colombiana
700 1# - ASIENTO SECUNDARIO - NOMBRE PERSONAL
Nombre personal Galeano, Gloria
773 1# - Item fuente:
Título Caldasia
Especificación de materiales 45
Descripción física 1
Paginas del Articulo 9-14
Lugar, editorial y fecha de publicación 2000
Información sobre la relación 22
942 ## - ELEMENTOS ADICIONALES (KOHA)
Tipo de ítem Artículo

No hay ítems disponibles.